00857nam a2200241 a 450000100060000000300080000600500170001400800410003103500190007204000320009104100080012308200260013110000260015724501580018325000120034126000700035330000260042349000300044950400300047965000310050965000450054083000300058549982BD-RjUL20211209075435.0160823r19731936ii 000 0 eng c a(BD-RjUL)50102 aRRRcRRRdZCUdBD-RjULbeng aeng a370.954223bJAE 19731 aJaffar, S. M.,d1910-10aEducation in Muslim India :bbeing an inquiry into the state of education during the Muslim period of Indian history, 1000-1800 A. C. /cby S. M. Jaffar. a1st ed. aDelhi :bIdarah-i Adabiyat-i Delli, c1936, [Reprinted 1972,1973] axix, 261 p. ;c22 cm.1 aIAD oriental series ;v16 aBibliography: p. 243-246. 0aEducationzIndiaxHistory. 0aIslamic learning and scholarshipzIndia. aIAD oriental series ;v16